000 00595nam a2200229Ia 4500
003 OSt
005 20220924150334.0
006 a|||||r|||| 00| 0
007 ta
008 220923b |||||||| |||| 00| 0 tel d
024 _a332777
037 _cTextual
040 _aARTS
_cARTS
_btel
041 _2tel
_atel
082 _aO35,1M95,1, N2.1-.3
100 _aVishwandha
_9221875
245 0 _aKalpavrikshamu kishkande kande
260 _c1992
650 _aTELUGU POETRY
942 _hO35,1M95,1, N2.1-.3
_cTEXL
_2CC
999 _c462986
_d462986